000 00551nam a2200217Ia 4500
003 OSt
005 20220928145932.0
006 a|||||r|||| 00| 0
007 ta
008 220927b |||||||| |||| 00| 0 eng d
024 _a85765
037 _cTextual
040 _aSDCL
_cSDCL
_beng
041 _2eng
_aeng
082 _aO-:gxM19, K4
100 _aHerbert Robert L Ed.
_9514701
245 0 _aArt criticism of John Ruskin
260 _c1964
942 _hO-:gxM19, K4
_cTEXL
_2CC
999 _c838002
_d838002